|
|
|
|
| LEADER |
00000nab a2200000 a 4500 |
| 001 |
vtls000863253 |
| 003 |
SK-MaSNL |
| 005 |
20260304110429.0 |
| 008 |
250429c2004 xo 0 slo |
| 015 |
|
|
|a SNBRB2004/02-05563
|
| 035 |
|
|
|a CLN000214817
|
| 035 |
|
|
|a urn:nbn:sk:snk-ab20au
|
| 035 |
|
|
|a (urnnbn)urn:nbn:sk:snk:ar-a01cuc
|
| 035 |
|
|
|a (uuid)3fdd52f0-b1e6-409b-a791-4b532239f809
|
| 040 |
|
|
|a SNKBUCL
|b slo
|c SNKBUCL
|e AACR2
|
| 041 |
0 |
|
|a slo
|
| 044 |
|
|
|a xo
|c SK
|
| 080 |
|
|
|a 78.071.2:785.11:061.7
|2 1997
|
| 100 |
1 |
|
|a Pokojná, Katarína
|4 aut
|9 426285
|
| 245 |
1 |
0 |
|a Marginálny koncert VŠMU?
|c Katarína Pokojná
|
| 610 |
2 |
7 |
|a Vysoká škola múzických umení v Bratislave.
|b Symfonický orchester
|2 snkbucl
|9 34958
|
| 655 |
|
7 |
|a články z novín a časopisov
|2 snkbucl
|9 267496
|
| 773 |
0 |
|
|t Hudobný život
|g Roč. 36, č. 2 (2004), s. 22
|x 1335-4140
|
| 850 |
|
|
|a Slovenská národná knižnica
|
| 852 |
|
|
|a Slovenská národná knižnica
|
| 954 |
|
|
|a odborná, vedecká literatúra pôvodná (slovenská)
|2 lita
|
| 958 |
|
|
|a article27
|
| 958 |
|
|
|a OND
|
| 958 |
|
|
|a SK
|
| 958 |
|
|
|a EUIPO
|
| 992 |
|
|
|a RBX
|
| 999 |
|
|
|c 2859939
|d 2861869
|